SemiConductor Physics and Device (Record no. 5240)

MARC details
000 -LEADER
fixed length control field 00387nam a22001577a 4500
005 - DATE AND TIME OF LATEST TRANSACTION
control field 20160916094811.0
008 - FIXED-LENGTH DATA ELEMENTS--GENERAL INFORMATION
fixed length control field 160916b xxu||||| |||| 00| 0 eng d
020 ## - INTERNATIONAL STANDARD BOOK NUMBER
ISBN 978-0-07-107010-2
041 ## - LANGUAGE CODE
Language code of text/sound track or separate title eng
100 ## - MAIN ENTRY--AUTHOR NAME
Personal name Neamerw, Donald A
245 ## - TITLE STATEMENT
Title SemiConductor Physics and Device
260 ## - PUBLICATION, DISTRIBUTION, ETC. (IMPRINT)
Name of publisher TMH
Year of publication 2015
300 ## - PHYSICAL DESCRIPTION
Number of Pages 494
650 ## - SUBJECT ADDED ENTRY--TOPICAL TERM
Topical Term Information Technolgy
942 ## - ADDED ENTRY ELEMENTS (KOHA)
Koha item type Books
Holdings
Lost status Damaged status Collection code Home library Current library Shelving location Date acquired Source of acquisition Cost, normal purchase price Accession Number Koha item type
    CS/IT JRU Library   SHELF-56-E 16/09/2016 PURCHASE 650.00 21210 Books
    MINING JRU Library JRU Library SHELF-58-F 16/09/2016 PURCHASE 650.00 21211 Books
    CS/IT JRU Library JRU Library SHELF-56-E 16/09/2016 PURCHASE 650.00 21212 Books